| 000 | 02553 a2200253 4500 | ||
|---|---|---|---|
| 003 | UA-OsUOA | ||
| 005 | 20210817161818.0 | ||
| 008 | 210817b un ||||| |||| 00| 0 ukr d | ||
| 020 | _a9789669921772 | ||
| 040 |
_aUA-OsUOA _bukr _cUA-OsUOA _dUA-OsUOA |
||
| 041 | _aukr | ||
| 080 | _a349.4(477) | ||
| 090 |
_a349.4(477) _bФ35 |
||
| 100 | _aФедчишин Д. В. | ||
| 245 |
_aРеалізація та захист земельних прав в Україні: проблеми теорії та практики _bмонографія _cДмитро Федчишин |
||
| 260 |
_aЗапоріжжя _bГельветика _c2020 |
||
| 300 | _a418 с. | ||
| 505 | 0 | 0 | _aЗміст 1. Теоретичні основи земельних прав у правовій доктрині України 2. Юридичне забезпечення реалізації земельних прав 3. Інституційно-функціональне забезпечення захисту земельних прав |
| 520 | _aМонографія присвячена всебічному й комплексному дослідженню теоретичних і практичних проблем реалізації та захисту земельних прав в Україні. Розглянуто особливості реалізації земельних прав, встановлені принципи та межі реалізації земельних прав, а також досліджено механізм реалізації земельних прав. Особливу увагу приділено проблемам захисту земельних прав, його способам і формам. Розрахована на науковців, викладачів, аспірантів, студентів юридичних вищих навчальних закладів, практикуючих юристів, працівників органів державної влади й органів місцевого самоврядування, а також усіх, кого цікавлять проблеми земельного права та практика його застосування. | ||
| 650 |
_2UDC _a349 Спеціальні галузі права змішаного характеру |
||
| 942 |
_cBK _2udc |
||
| 955 | _a1 | ||
| 999 |
_c571272 _d571272 |
||